<?xml version="1.0" encoding="UTF-8"?><?xml-stylesheet type="text/xsl" href="static/style.xsl"?><OAI-PMH xmlns="http://www.openarchives.org/OAI/2.0/" xmlns:xsi="http://www.w3.org/2001/XMLSchema-instance" xsi:schemaLocation="http://www.openarchives.org/OAI/2.0/ http://www.openarchives.org/OAI/2.0/OAI-PMH.xsd"><responseDate>2026-04-13T02:04:08Z</responseDate><request verb="GetRecord" identifier="oai:www.recercat.cat:2445/222053" metadataPrefix="marc">https://recercat.cat/oai/request</request><GetRecord><record><header><identifier>oai:recercat.cat:2445/222053</identifier><datestamp>2025-11-19T21:55:37Z</datestamp><setSpec>com_2072_1057</setSpec><setSpec>col_2072_478917</setSpec></header><metadata><record xmlns="http://www.loc.gov/MARC21/slim" xmlns:dcterms="http://purl.org/dc/terms/" xmlns:xsi="http://www.w3.org/2001/XMLSchema-instance" xmlns:doc="http://www.lyncode.com/xoai" xsi:schemaLocation="http://www.loc.gov/MARC21/slim http://www.loc.gov/standards/marcxml/schema/MARC21slim.xsd">
   <leader>00925njm 22002777a 4500</leader>
   <datafield ind2=" " ind1=" " tag="042">
      <subfield code="a">dc</subfield>
   </datafield>
   <datafield ind2=" " ind1=" " tag="720">
      <subfield code="a">Albi Fernández, Lourdes</subfield>
      <subfield code="e">author</subfield>
   </datafield>
   <datafield ind2=" " ind1=" " tag="720">
      <subfield code="a">Vidal Estruel, Carme</subfield>
      <subfield code="e">author</subfield>
   </datafield>
   <datafield ind2=" " ind1=" " tag="720">
      <subfield code="a">Clement López, María José</subfield>
      <subfield code="e">author</subfield>
   </datafield>
   <datafield ind2=" " ind1=" " tag="720">
      <subfield code="a">Alcina Zayas, Sara</subfield>
      <subfield code="e">author</subfield>
   </datafield>
   <datafield ind2=" " ind1=" " tag="260">
      <subfield code="c">2025-07-07T16:04:51Z</subfield>
   </datafield>
   <datafield ind2=" " ind1=" " tag="260">
      <subfield code="c">2025-07-07T16:04:51Z</subfield>
   </datafield>
   <datafield ind2=" " ind1=" " tag="260">
      <subfield code="c">2012-03-14</subfield>
   </datafield>
   <datafield ind2=" " ind1=" " tag="520">
      <subfield code="a">El intercambio entre mujeres y hombres es una cosa corriente. Se da siempre, en el trabajo, en casa, en el mercado, en el autobús, en la escalera, en una fiesta... Más allá de los fines inmediatos y concretos de este intercambio -la cortesía, la diversión, la&#xd;
convivencia, el cuidado...- está la búsqueda de entendimiento. Las mujeres buscan&#xd;
sobretodo entenderse, también con los hombres, sabiendo que, por otro lado, el&#xd;
malentendido es muy frecuente en la convivencia humana. Por eso siguen acogiendo&#xd;
las relaciones con ellos, aun a sabiendas de su dificultad. Otras con más deseo, placer&#xd;
y curiosidad; algunas con franca desazón e incluso hastío, lo que las lleva a&#xd;
reducirlas a la mínima expresión.</subfield>
   </datafield>
   <datafield tag="653" ind2=" " ind1=" ">
      <subfield code="a">Diferències entre sexes</subfield>
   </datafield>
   <datafield tag="653" ind2=" " ind1=" ">
      <subfield code="a">Política</subfield>
   </datafield>
   <datafield tag="653" ind2=" " ind1=" ">
      <subfield code="a">Dones</subfield>
   </datafield>
   <datafield tag="653" ind2=" " ind1=" ">
      <subfield code="a">Antropologia política</subfield>
   </datafield>
   <datafield tag="653" ind2=" " ind1=" ">
      <subfield code="a">Sex differences</subfield>
   </datafield>
   <datafield tag="653" ind2=" " ind1=" ">
      <subfield code="a">Practical politics</subfield>
   </datafield>
   <datafield tag="653" ind2=" " ind1=" ">
      <subfield code="a">Women</subfield>
   </datafield>
   <datafield tag="653" ind2=" " ind1=" ">
      <subfield code="a">Political anthropology</subfield>
   </datafield>
   <datafield ind2="0" ind1="0" tag="245">
      <subfield code="a">Lourdes Albi Fernández. Carme Vidal Estruel. María José Clement López. Sara Alcina Zayas. Renzo Imbeni. Josep Sanahuja. Juan Cantonero Falero. Carlos Requena Amadas. Eustaquio Macías. Carlos Peón Víllora. Gian Piero Bernard. Franco Lorenzoni. Fernando Rodríguez Morón. Jesús Manuel Morala Maristegui. Javier Serna Fernández. Marco Deriu. Victor Seidler. Javier García Rodríguez. Las relaciones de diferencia: una necesidad política</subfield>
   </datafield>
</record></metadata></record></GetRecord></OAI-PMH>